| 000 | 00523nam a22001697a 4500 | ||
|---|---|---|---|
| 005 | 20251108170946.0 | ||
| 008 | 250721s1987 xx 000 0 ara d | ||
| 082 | 1 | 4 | _a526.9/محم |
| 100 | 1 | _aسلامه، محمد صدقي شريف | |
| 245 | 1 | 0 |
_aالمساحة المستوية و الكمبيوتر الشخصي : _bبرامج بلغة البيسك / |
| 264 | 1 |
_aعمان : _bالمؤلف، _c1987. |
|
| 300 | _a77ص | ||
| 650 | 1 | 7 | _aالمسح |
| 650 | 1 | 7 | _aالحواسيب |
| 942 |
_2ddc _cBK |
||
| 999 |
_c53074 _d53074 |
||